Avrupa Konseyi (Record no. 5538)

MARC details
000 -BAŞLIK
Sabit Uzunlukta Kontrol Alanı 00823na a2200241 4500
001 - KONTROL NUMARASI
Denetim Alanı 18574
003 - KONTROL NUMARASI IDENTIFIER
Denetim Alanı MIRAKIL
005 - SON İŞLEM TARİHİ VE ZAMANI
Denetim Alanı 20181213155039.0
008 - SABİT-BOY VERİ ELEMANLARI - GENEL BİLGİLER
Sabit Uzunlukta Kontrol Alanı 161122b tu 000 0
040 ## - KATALOGLAMA KAYNAK
Orijinal Kataloglama Ajansı Milas
Kataloglama Dili tur
Metne Dönüştürmek Ajansı TR-AnCHP
041 ## - DİL KODU
Metin / Ses Parça Veya Ayrı Başlığın Dil Kodu tur
082 ## - DEWEY ONLU SINIFLANDIRMA NUMARASI
Sınıflandırma Numarası 341.242
Ürün Numarası A86 1972
090 ## - SINIFLAMA NUMARASI
Sınıflama Numarası 341.242 A86 1972
110 ## - ANA GİRİŞ - KURUMSAL ADI
Giriş Elemanı Olarak Kurumsal Ad Veya Yargı Alanı Adı Avrupa Konseyi
245 ## - BAŞLIK TABLOSU
Başlık Avrupa Konseyi
Başlığın Kalan Teşkilatı, amaçları, çalışmaları
Sorumluluk Tablosu, Vb Avrupa Konseyi Basın ve Enformasyon Müdürlüğü
246 ## - UNVAN FORM VARYING
Başlık Doğru / Kısa Başlığı Teşkilatı, amaçları, çalışmaları
260 ## - YAYIN, DAĞITIM, VB
Yayın, Dağıtım, Vb Yeri Morstadt
Yayıncı, Dağıtıcı, Vs Adı Avrupa Konseyi Basın ve Enformasyon Müdürlüğü
Yayın, Dağıtım, Vb Tarihi 1972
300 ## - FİZİKSEL TANIM
Kapsam 56 s.
Diğer Fiziksel Ayrıntıları fotğ.
Boyutlar 24 sm.
610 ## - KONU KATMA GİRİŞ - TOPLANTI ADI
Giriş Elemanı Olarak Kurumsal Ad Veya Yargı Alanı Adı Avrupa Konseyi
Genel Alt Bölüm Çalışmalar
610 ## - KONU KATMA GİRİŞ - TOPLANTI ADI
Giriş Elemanı Olarak Kurumsal Ad Veya Yargı Alanı Adı Avrupa Konseyi
Genel Alt Bölüm Teşkilat yapısı
710 ## - KATMA GİRİŞ - KURUMSAL ADI
Giriş Elemanı Olarak Kurumsal Ad Veya Yargı Alanı Adı Avrupa Konseyi Basın ve Enformasyon Müdürlüğü
942 ## - EKLENDİ GİRİŞ ELEMANLARI (KOHA)
Sınıflandırma Veya Raf Düzeni Kaynak Dewey Decimal Classification
Koha Öğesi Türü Books
999 ## - SİSTEM KONTROL NUMARALARI (KOHA)
Koha Biblionumber 5538
Koha Biblioitemnumber 5538
Holdings
Kalıcı Konum Mevcut Konum Edinme Tarihi Edinim Kaynak Toplam Check-Out'Lar Tam Çağrı Numarası Barkod Tarih Son Görülme İtibaren Geçerli Fiyatlar Koha Öğesi Türü
CHP Kütüphanesi CHP Kütüphanesi 11/22/2016 Bağış   341.242 A86 1972 008831 11/22/2016 11/22/2016 Books